| 000 | 00530nam a2200181Ia 4500 | ||
|---|---|---|---|
| 999 |
_c36930 _d36930 |
||
| 003 | OSt | ||
| 005 | 20210123104957.0 | ||
| 008 | 190216s9999||||xx |||||||||||||| ||und|| | ||
| 020 | _a9780070660335 | ||
| 040 | _coclc | ||
| 082 |
_a540 _bMCG/C |
||
| 100 |
_aMcGraw Hill _97653 |
||
| 245 | 0 |
_aComplete Chemistry For AIEEE 2008 / _cMcGraw Hill |
|
| 260 |
_bTata Mcgraw Hill Publishing Company Ltd, _c2008. _aNew Delhi: |
||
| 300 | _a696p | ||
| 650 | _aReferences | ||
| 942 |
_cREF _2ddc _h540 _iMCG/C _k540 _mMCG/C |
||